000 00955cam a22003133a 4500
001 3804
003 PGUSA
005 20140828083038.0
008 060413s2006||||xxu|||||s|||||000 1 eng d
040 _aPGUSA
_beng
042 _adc
050 4 _aPQ
100 1 _aMaupassant, Guy de,
_d1850-1893
245 1 0 _aPierre and Jean
_h[electronic resource] /
_cGuy de Maupassant
260 _bProject Gutenberg,
_c2006
500 _aTranslation of Pierre et Jean.
506 _aPublic domain in the USA.
516 _aElectronic text
653 _aFrance -- Social life and customs -- Fiction
653 _aNormandy (France) -- Fiction
653 _aInheritance and succession -- Fiction
653 _aBrothers -- Fiction
653 _aSibling rivalry -- Fiction
700 1 _aBell, Clara,
_d1834-1927
740 0 _aPierre et Jean. English
830 0 _aProject Gutenberg
_v3804
856 4 0 _uhttp://www.gutenberg.org/ebooks/3804
942 _cEB
999 _c233133
_d233133